000
00329nam a22001457a 4500
020
_a
81-8014-029-6
041
_a
ENG
100
_a
Singh .G
245
_a
Water Supply And Sanitary Enhineering
260
_a
Delhi
_b
Standard PUB Distributors
_c
1999
300
_a
512
650
_a
FS
700
_a
Singh .J
856
_u
FS (36)
999
_c
863
_d
863